| 000 | 00571nam a22001937a 4500 | ||
|---|---|---|---|
| 999 |
_c13350 _d13350 |
||
| 003 | AR-CdUCM | ||
| 008 | 190415b ||||| |||| 00| 0 spa d | ||
| 040 |
_aMUNICIPALIDAD PROVINCIAL DEL CUSCO _cBIBLIOTECA MUNICIPAL DEL CUSCO |
||
| 082 |
_aC / 082 / _bC.A. |
||
| 245 | _aCuadernos Andinos / | ||
| 260 |
_aQosqo : _bCalle Ayacucho, |
||
| 300 |
_a14 pƔginas ; _c21 cm. |
||
| 440 |
_aCuadernos Andinos _n1 _931722 |
||
| 505 | _aLa chacana. | ||
| 650 |
_aChacana. _931723 |
||
| 650 |
_areprestación andina. _931724 |
||
| 942 |
_2ddc _cFOLLETOS |
||
| 945 |
_awfj _d2019-04-15 |
||